Dave Meltzer 5 Star WWE matches. - Statistics

General Stats
  • This quiz has been taken 228 times
  • The average score is 9 of 10
Answer Stats
Match Number Show Year Match Type Title Match? Answer % Correct
1 WrestleMania X 1994 Ladder IC Title Match Shawn Michaels
98%
4 In Your House 18: Badd Blood 1997 Hell in a Cell No.1 Contenders Shawn Michaels
98%
5 Money in the Bank 2011 WWE Title Match John Cena
97%
2 SummerSlam 1994 Steel Cage WWF Title Match Bret Hart
96%
3 WrestleMania 13 1997 Submission Bret Hart
96%
5 Money in the Bank 2011 WWE Title Match CM Punk
95%
3 WrestleMania 13 1997 Submission Steve Austin
95%
4 In Your House 18: Badd Blood 1997 Hell in a Cell No.1 Contenders The Undertaker
94%
2 SummerSlam 1994 Steel Cage WWF Title Match Owen Hart
91%
1 WrestleMania X 1994 Ladder IC Title Match Razor Ramon
82%
No matching quizzes found
Score Distribution
Percent of People with Each Score
Percentile by Number Answered
Your Score History
You have not taken this quiz